| 000 | 00450 a2200145 4500 | ||
|---|---|---|---|
| 999 |
_c6471 _d6471 |
||
| 020 | _a0495105872 | ||
| 050 | _aQE28.3WIC 2007 | ||
| 100 |
_aWicander Reed _eauthor |
||
| 245 |
_aHistorical Geology: _bevolution of earth and life through time / _cReed Wicander and James S. Monroe |
||
| 264 |
_aAustralia: _bThomson Books, _c2007 |
||
| 300 |
_axv,440p. _bill. (col.) |
||
| 500 | _aIncludes index | ||
| 650 | _aGeology | ||
| 942 |
_2lcc _cBK _e4th _h28.3 _iWIC _kQE |
||